000 01498nab a22002417a 4500
999 _c5468
_d5468
003 OSt
005 20251113133440.0
008 190604e xxu||||| |||| 00| 0 spa d
040 _cPJ
100 _92238
_aOrelle, Jose M. R.
245 1 3 _aEl contrato de donación en el Código Civil y Comercial de la Nación /
_cJosé M. R. Orelle.
260 _aCiudad Autónoma de Buenos Aires :
_bThomson Reuters La Ley,
_c2025.
300 _ap. 127-158
500 _aCita Online: TR LALEY AR/DOC/1083/2025.
505 _aSumario: I. Introducción: perspectiva adoptada para el desarrollo del presente trabajo.— II. Primera parte. Conjunto de factores que inciden en el ejercicio profesional de los actos de donación.— III. Segunda parte. Cómo ha impactado la realidad social de esta clase de actos en las regulaciones jurídicas.— IV. Tercera parte. El contrato de donación hoy en la práctica notarial y registral.— V. Cuarta parte. Rol de los operadores y la conveniencia de generar una estructura preventiva y con mejoras metodológicas.— VI. Quinta parte. Conclusiones.
505 _t¿Te interesa el texto completo? Solicitalo al correo: koha@justierradelfuego.gov.ar
650 0 _91497
_aCODIGO CIVIL Y COMERCIAL
650 0 _94554
_aDONACION
650 0 _9888
_aSUCESIONES
650 0 _91084
_aHEREDEROS
773 0 _02714
_93171
_dCiudad Autónoma de Buenos Aires : Thomson Reuters La Ley, 2014-
_tRevista anales de legislación argentina. Nº 7 - Julio 2025.
942 _2udc
_cANA